| 000 | 00485nam a2200181Ia 4500 | ||
|---|---|---|---|
| 008 | 221030s9999 xx 000 0 und d | ||
| 020 | _a0333937198 | ||
| 041 | _aEnglish | ||
| 082 |
_a105.23 _bRam |
||
| 100 | _aV. S. Ramaswamy | ||
| 245 | 0 |
_aMarketing Management Planning Implementation & Control _cby V. S. Ramaswamy, S. Namakumari |
|
| 250 | _a3rd | ||
| 260 |
_bMacmillan _aNew Delhi _c2004 |
||
| 300 | _a748 | ||
| 650 | _aBE Management | ||
| 700 | _aS. Namakumari | ||
| 942 | _cBK | ||
| 999 |
_c3857 _d3857 |
||